[Event "Baden Youth-ch 2020"]
[Site "Karlsruhe-Durlach"]
[Date "2020.01.05"]
[Round "6.3"]
[White "Lim, Huay Leon Warren"]
[Black "Neves, Carlos"]
[Result "0-1"]
[WhiteElo "1591"]
[BlackElo "1438"]
[Annotator "NA"]
[PlyCount "78"]
[EventDate "2020.01.02"]
[EventType "swiss"]
[EventCountry "GER"]
[SourceTitle "playchess.com"]
[Source "ChessBase"]
[SourceQuality "1"]
[TimeControl "5400+30"]

1. e4 {[%emt 0:00:00]} c5 {[%emt 0:00:00]} 2. Nf3 {[%emt 0:00:00]} Nc6 {[%emt 0:00:00]} 3. d4 {[%emt 0:00:10]} cxd4 {[%emt 0:00:00]} 4. Nxd4 {[%emt 0:00:05]} g6 {[%emt 0:00:00]} 5. Nb3 {[%emt 0:01:28]} Bg7 {[%emt 0:01:10]} 6. Be3 {[%emt 0:01:42]} Nf6 {[%emt 0:01:14]} 7. Nc3 {[%emt 0:00:33]} O-O {[%emt 0:00:47]} 8. Bd3 {[%emt 0:03:08]} d5 {[%emt 0:08:00]} 9. Nd4 {[%emt 0:07:35]} e5 {[%emt 0:14:10]} 10. Nxc6 {[%emt 0:01:44]} bxc6 {[%emt 0:00:14]} 11. Bg5 {[%emt 0:01:05]} Bb7 {[%emt 0:08:32]} 12. O-O {[%emt 0:01:26]} Qc7 {[%emt 0:01:55]} 13. Bxf6 {[%emt 0:02:06]} Bxf6 {[%emt 0:00:13]} 14. Qf3 {[%emt 0:00:38]} Qd6 {[%emt 0:02:01]} 15. exd5 {[%emt 0:05:39]} cxd5 {[%emt 0:01:01]} 16. Nb5 {[%emt 0:08:14]} Qb6 {[%emt 0:03:45]} 17. Nc7 {[%emt 0:08:22]} Rad8 {[%emt 0:17:14]} 18. Rfd1 {[%emt 0:06:26]} d4 {[%emt 0:01:56]} 19. Be4 {[%emt 0:06:41]} Bxe4 {[%emt 0:00:19]} 20. Qxe4 {[%emt 0:00:31]} Qxc7 {[%emt 0:00:08]} 21. a3 {[%emt 0:04:53]} Rc8 {[%emt 0:09:58]} 22. Rd2 {[%emt 0:04:11]} Bg7 {[%emt 0:06:25]} 23. g3 {[%emt 0:01:04]} Qc6 {[%emt 0:03:28]} 24. f3 {[%emt 0:06:07]} Qxe4 {[%emt 0:00:33]} 25. fxe4 {[%emt 0:00:11]} f5 {[%emt 0:00:41]} 26. b4 {[%emt 0:03:57]} fxe4 {[%emt 0:02:46]} 27. Re2 {[%emt 0:01:10]} d3 {[%emt 0:00:31]} 28. cxd3 {[%emt 0:01:24]} exd3 {[%emt 0:00:09]} 29. Rd2 {[%emt 0:00:21]} e4 {[%emt 0:00:06]} 30. Re1 {[%emt 0:00:47]} Bc3 {[%emt 0:00:20]} 31. Red1 {[%emt 0:01:14]} Bxd2 {[%emt 0:00:19]} 32. Rxd2 {[%emt 0:00:09]} e3 {[%emt 0:00:14]} 33. Rxd3 {[%emt 0:01:04]} e2 {[%emt 0:00:09]} 34. Re3 {[%emt 0:00:10]} Rce8 {[%emt 0:00:07]} 35. Rxe8 {[%emt 0:01:00]} Rxe8 {[%emt 0:00:08]} 36. Kg2 {[%emt 0:00:28]} e1=Q {[%emt 0:00:23]} 37. Kh3 {[%emt 0:00:13]} Re4 {[%emt 0:00:16]} 38. Kg2 {[%emt 0:00:37]} Qe2+ {[%emt 0:00:10]} 39. Kg1 {[%emt 0:00:27]} Rd4 {[%emt 0:00:10]} 0-1

[Event "Baden Youth-ch 2020"]
[Site "Karlsruhe-Durlach"]
[Date "2020.01.05"]
[Round "6.4"]
[White "Dobrikov, Marco"]
[Black "Schmitt, Daniel"]
[Result "1-0"]
[WhiteElo "2291"]
[BlackElo "1930"]
[Annotator "ChessBase"]
[PlyCount "135"]
[EventDate "2020.01.02"]
[EventType "swiss"]
[EventCountry "GER"]
[SourceTitle "playchess.com"]
[Source "ChessBase"]
[SourceQuality "1"]
[TimeControl "5400+30"]

1. e4 {[%emt 0:00:00]} e5 {[%emt 0:00:00]} 2. Nf3 {[%emt 0:00:00]} Nc6 {[%emt 0:00:00]} 3. Bc4 {[%emt 0:00:00]} Bc5 {[%emt 0:00:00]} 4. O-O {[%emt 0:00:00]} Nf6 {[%emt 0:00:00]} 5. d3 {[%emt 0:00:00]} a6 {[%emt 0:00:11]} 6. a4 {[%emt 0:00:04]} Ba7 {[%emt 0:00:42]} 7. c3 {[%emt 0:00:19]} d6 {[%emt 0:00:15]} 8. Nbd2 {[%emt 0:03:37]} O-O {[%emt 0:01:00]} 9. h3 {[%emt 0:01:05]} Ne7 {[%emt 0:01:26]} 10. Re1 {[%emt 0:00:26]} Ng6 {[%emt 0:00:31]} 11. Nf1 {[%emt 0:00:14]} h6 {[%emt 0:01:21]} 12. Ng3 {[%emt 0:00:51]} Nh7 {[%emt 0:02:47]} 13. d4 {[%emt 0:09:10]} Ng5 {[%emt 0:08:27]} 14. Bxg5 {[%emt 0:14:36]} hxg5 {[%emt 0:00:10]} 15. Nf5 {[%emt 0:10:50]} Qf6 {[%emt 0:12:10]} 16. Ne3 {[%emt 0:03:46]} Nf4 {[%emt 0:10:41]} 17. Ng4 {[%emt 0:02:22]} Bxg4 {[%emt 0:00:55]} 18. hxg4 {[%emt 0:00:02]} g6 {[%emt 0:16:29]} 19. g3 {[%emt 0:06:58]} Ne6 {[%emt 0:03:15]} 20. d5 {[%emt 0:08:30]} Nc5 {[%emt 0:04:50]} 21. Kg2 {[%emt 0:00:19]} Kg7 {[%emt 0:00:29]} 22. b4 {[%emt 0:00:30]} Nd7 {[%emt 0:00:42]} 23. Qd2 {[%emt 0:00:09]} Rh8 {[%emt 0:00:37]} 24. Rh1 {[%emt 0:00:52]} Rxh1 {[%emt 0:02:00]} 25. Rxh1 {[%emt 0:00:04]} Rh8 {[%emt 0:00:10]} 26. Rxh8 {[%emt 0:00:09]} Kxh8 {[%emt 0:00:06]} 27. a5 {[%emt 0:01:08]} Kg7 {[%emt 0:01:25]} 28. Qxg5 {[%emt 0:02:05]} Qxg5 {[%emt 0:04:51]} 29. Nxg5 {[%emt 0:00:02]} Nb8 {[%emt 0:00:22]} 30. Nf3 {[%emt 0:00:43]} b6 {[%emt 0:05:42]} 31. axb6 {[%emt 0:00:12]} Bxb6 {[%emt 0:00:51]} 32. g5 {[%emt 0:00:25]} a5 {[%emt 0:01:59]} 33. Bb5 {[%emt 0:00:05]} Kf8 {[%emt 0:01:35]} 34. bxa5 {[%emt 0:03:28]} Bxa5 {[%emt 0:00:10]} 35. c4 {[%emt 0:00:01]} Bb4 {[%emt 0:01:58]} 36. Kf1 {[%emt 0:00:05]} Ke7 {[%emt 0:00:09]} 37. Ke2 {[%emt 0:00:08]} Nd7 {[%emt 0:00:16]} 38. Bxd7 {[%emt 0:00:10]} Kxd7 {[%emt 0:00:06]} 39. Ne1 {[%emt 0:00:12]} Bc5 {[%emt 0:01:49]} 40. f4 {[%emt 0:00:14]} exf4 {[%emt 0:13:04]} 41. gxf4 {[%emt 0:00:02]} Ke7 {[%emt 0:00:27]} 42. Nd3 {[%emt 0:00:06]} Bd4 {[%emt 0:00:46]} 43. e5 {[%emt 0:00:24]} Kd7 {[%emt 0:00:58]} 44. Kf3 {[%emt 0:00:04]} Bc3 {[%emt 0:01:37]} 45. Ke4 {[%emt 0:03:13]} Bd2 {[%emt 0:00:54]} 46. c5 {[%emt 0:02:08]} dxe5 {[%emt 0:03:08]} 47. Nxe5+ {[%emt 0:00:15]} Ke7 {[%emt 0:00:14]} 48. d6+ {[%emt 0:01:53]} cxd6 {[%emt 0:00:43]} 49. cxd6+ {[%emt 0:00:03]} Ke6 {[%emt 0:00:14]} 50. d7 {[%emt 0:00:11]} Ke7 {[%emt 0:01:02]} 51. Nxf7 {[%emt 0:00:13]} Kxd7 {[%emt 0:00:16]} 52. Ne5+ {[%emt 0:00:04]} Ke7 {[%emt 0:00:08]} 53. Nxg6+ {[%emt 0:00:04]} Kf7 {[%emt 0:00:05]} 54. Ne5+ {[%emt 0:00:14]} Kg7 {[%emt 0:00:15]} 55. Nf3 {[%emt 0:00:06]} Bc1 {[%emt 0:00:18]} 56. f5 {[%emt 0:00:10]} Bb2 {[%emt 0:00:13]} 57. Ne5 {[%emt 0:00:15]} Bc1 {[%emt 0:00:15]} 58. f6+ {[%emt 0:00:04]} Kf8 {[%emt 0:00:17]} 59. g6 {[%emt 0:00:06]} Bh6 {[%emt 0:01:41]} 60. Kf5 {[%emt 0:00:07]} Kg8 {[%emt 0:01:38]} 61. Nd7 {[%emt 0:01:11]} Bf8 {[%emt 0:01:10]} 62. Nxf8 {[%emt 0:00:26]} Kxf8 {[%emt 0:00:06]} 63. Ke6 {[%emt 0:00:26]} Kg8 {[%emt 0:00:12]} 64. g7 {[%emt 0:00:11]} Kh7 {[%emt 0:00:06]} 65. Kf7 {[%emt 0:00:08]} Kh6 {[%emt 0:00:05]} 66. g8=Q {[%emt 0:00:09]} Kh5 {[%emt 0:00:04]} 67. Qg3 {[%emt 0:00:08]} Kh6 {[%emt 0:00:03]} 68. Qh4# {[%emt 0:37:48]} 1-0

[Event "Baden Youth-ch 2020"]
[Site "Karlsruhe-Durlach"]
[Date "2020.01.05"]
[Round "6.5"]
[White "Wu, Luka"]
[Black "Wu, Leon"]
[Result "1/2-1/2"]
[WhiteElo "2057"]
[BlackElo "2023"]
[Annotator "NA"]
[PlyCount "89"]
[EventDate "2020.01.02"]
[EventType "swiss"]
[EventCountry "GER"]
[SourceTitle "playchess.com"]
[Source "ChessBase"]
[SourceQuality "1"]
[TimeControl "5400+30"]

1. e4 {[%emt 0:00:00]} e5 {[%emt 0:00:00]} 2. Nf3 {[%emt 0:00:00]} Nc6 {[%emt 0:00:00]} 3. Bb5 {[%emt 0:00:00]} a6 {[%emt 0:00:00]} 4. Bxc6 {[%emt 0:00:00]} dxc6 {[%emt 0:00:00]} 5. O-O {[%emt 0:00:00]} f6 {[%emt 0:00:00]} 6. d4 {[%emt 0:00:00]} exd4 {[%emt 0:00:00]} 7. Qxd4 {[%emt 0:00:04]} Qxd4 {[%emt 0:00:00]} 8. Nxd4 {[%emt 0:00:04]} c5 {[%emt 0:00:00]} 9. Nb3 {[%emt 0:00:08]} Bg4 {[%emt 0:01:06]} 10. Bf4 {[%emt 0:00:07]} O-O-O {[%emt 0:00:06]} 11. Nc3 {[%emt 0:00:12]} Ne7 {[%emt 0:00:38]} 12. f3 {[%emt 0:00:06]} Bh5 {[%emt 0:00:21]} 13. Rfd1 {[%emt 0:00:22]} Rxd1+ {[%emt 0:00:13]} 14. Rxd1 {[%emt 0:00:06]} Nc6 {[%emt 0:00:17]} 15. Kf2 {[%emt 0:00:14]} c4 {[%emt 0:00:40]} 16. Nd4 {[%emt 0:00:23]} Bc5 {[%emt 0:00:06]} 17. Be3 {[%emt 0:00:05]} Nxd4 {[%emt 0:00:26]} 18. Bxd4 {[%emt 0:00:05]} Bxd4+ {[%emt 0:00:08]} 19. Rxd4 {[%emt 0:00:08]} Rd8 {[%emt 0:01:12]} 20. Ke3 {[%emt 0:00:29]} Bf7 {[%emt 0:00:34]} 21. b3 {[%emt 0:01:06]} cxb3 {[%emt 0:00:49]} 22. cxb3 {[%emt 0:00:19]} Rxd4 {[%emt 0:00:13]} 23. Kxd4 {[%emt 0:00:07]} Kd7 {[%emt 0:00:12]} 24. Nd5 {[%emt 0:00:07]} Bxd5 {[%emt 0:00:48]} 25. Kxd5 {[%emt 0:00:06]} b6 {[%emt 0:00:04]} 26. f4 {[%emt 0:00:25]} c6+ {[%emt 0:00:11]} 27. Kd4 {[%emt 0:00:04]} Ke6 {[%emt 0:00:10]} 28. b4 {[%emt 0:00:50]} Kd6 {[%emt 0:00:29]} 29. a4 {[%emt 0:01:00]} h5 {[%emt 0:01:20]} 30. h4 {[%emt 0:00:08]} g6 {[%emt 0:01:05]} 31. g3 {[%emt 0:00:58]} Ke6 {[%emt 0:11:55]} 32. Kc4 {[%emt 0:01:20]} Kd6 {[%emt 0:00:41]} 33. Kd4 {[%emt 0:04:10]} Ke6 {[%emt 0:01:13]} 34. Ke3 {[%emt 0:00:45]} Kd6 {[%emt 0:04:51]} 35. Kd4 {[%emt 0:00:57]} Ke6 {[%emt 0:00:56]} 36. Kc3 {[%emt 0:00:25]} f5 {[%emt 0:04:30]} 37. e5 {[%emt 0:01:15]} Kd5 {[%emt 0:00:13]} 38. a5 {[%emt 0:01:47]} b5 {[%emt 0:00:07]} 39. Kd3 {[%emt 0:00:06]} c5 {[%emt 0:00:09]} 40. bxc5 {[%emt 0:00:18]} Kxc5 {[%emt 0:00:07]} 41. Kc3 {[%emt 0:00:04]} Kd5 {[%emt 0:00:28]} 42. Kb4 {[%emt 0:00:26]} Kc6 {[%emt 0:00:55]} 43. Kc3 {[%emt 0:00:09]} Kd5 {[%emt 0:00:04]} 44. Kb4 {[%emt 0:00:06]} Kc6 {[%emt 0:00:13]} 45. Kc3 {[%emt 0:00:09]} 1/2-1/2

[Event "Baden Youth-ch 2020"]
[Site "Karlsruhe-Durlach"]
[Date "2020.01.05"]
[Round "6.6"]
[White "Basovskiy, Jana"]
[Black "Chung, Dana"]
[Result "1-0"]
[WhiteElo "1791"]
[BlackElo "1252"]
[Annotator "NA"]
[PlyCount "67"]
[EventDate "2020.01.02"]
[EventType "swiss"]
[EventCountry "GER"]
[SourceTitle "playchess.com"]
[Source "ChessBase"]
[SourceQuality "1"]
[TimeControl "5400+30"]

1. e4 {[%emt 0:00:00]} c6 {[%emt 0:00:00]} 2. d4 {[%emt 0:00:00]} d5 {[%emt 0:00:00]} 3. Nc3 {[%emt 0:00:00]} dxe4 {[%emt 0:00:00]} 4. Nxe4 {[%emt 0:00:00]} Nf6 {[%emt 0:00:11]} 5. Nxf6+ {[%emt 0:00:00]} exf6 {[%emt 0:00:35]} 6. c3 {[%emt 0:00:17]} Bf5 {[%emt 0:00:24]} 7. Bd3 {[%emt 0:02:21]} Bxd3 {[%emt 0:00:50]} 8. Qxd3 {[%emt 0:00:06]} Bd6 {[%emt 0:00:39]} 9. Ne2 {[%emt 0:03:22]} O-O {[%emt 0:00:26]} 10. O-O {[%emt 0:03:00]} Re8 {[%emt 0:01:10]} 11. Bf4 {[%emt 0:08:33]} Na6 {[%emt 0:03:13]} 12. Bxd6 {[%emt 0:06:23]} Qxd6 {[%emt 0:00:10]} 13. Rfe1 {[%emt 0:02:11]} Nc7 {[%emt 0:00:27]} 14. Ng3 {[%emt 0:03:40]} b6 {[%emt 0:09:09]} 15. Qf3 {[%emt 0:13:18]} c5 {[%emt 0:03:56]} 16. Nf5 {[%emt 0:05:22]} Qd5 {[%emt 0:05:58]} 17. Ne7+ {[%emt 0:07:41]} Rxe7 {[%emt 0:01:35]} 18. Rxe7 {[%emt 0:42:46]} Qxf3 {[%emt 0:01:22]} 19. gxf3 {[%emt 0:00:00]} Ne6 {[%emt 0:01:40]} 20. d5 {[%emt 0:00:00]} Kf8 {[%emt 0:01:10]} 21. Rd7 {[%emt 0:00:00]} Ng5 {[%emt 0:01:51]} 22. Kg2 {[%emt 0:00:00]} Ke8 {[%emt 0:00:46]} 23. Rb7 {[%emt 0:00:00]} Kd8 {[%emt 0:00:42]} 24. h4 {[%emt 0:00:00]} Kc8 {[%emt 0:00:41]} 25. Re7 {[%emt 0:00:00]} Kd8 {[%emt 0:00:33]} 26. Re2 {[%emt 0:00:00]} Kc7 {[%emt 0:01:44]} 27. hxg5 {[%emt 0:00:00]} fxg5 {[%emt 0:00:10]} 28. c4 {[%emt 0:00:00]} Kd6 {[%emt 0:00:31]} 29. Rae1 {[%emt 0:00:00]} a6 {[%emt 0:00:38]} 30. Re7 {[%emt 0:00:00]} b5 {[%emt 0:01:03]} 31. b3 {[%emt 0:00:00]} bxc4 {[%emt 0:00:34]} 32. bxc4 {[%emt 0:00:00]} a5 {[%emt 0:00:12]} 33. Rxf7 {[%emt 0:00:00]} h5 {[%emt 0:00:35]} 34. Re6# {[%emt 0:08:00] Kxd5} 1-0

[Event "Baden Youth-ch 2020"]
[Site "Karlsruhe-Durlach"]
[Date "2020.01.05"]
[Round "6.7"]
[White "Visvikis, Kassandra"]
[Black "Henninger, Claire"]
[Result "1/2-1/2"]
[WhiteElo "1568"]
[BlackElo "1507"]
[Annotator "NA"]
[PlyCount "53"]
[EventDate "2020.01.02"]
[EventType "swiss"]
[EventCountry "GER"]
[SourceTitle "playchess.com"]
[Source "ChessBase"]
[SourceQuality "1"]
[TimeControl "5400+30"]

1. e4 {[%emt 0:00:00]} c6 {[%emt 0:00:00]} 2. d4 {[%emt 0:00:00]} d5 {[%emt 0:00:00]} 3. Nd2 {[%emt 0:00:00]} dxe4 {[%emt 0:00:05]} 4. Nxe4 {[%emt 0:00:00]} Bf5 {[%emt 0:00:04]} 5. Ng3 {[%emt 0:00:00]} Bg6 {[%emt 0:00:07]} 6. Nf3 {[%emt 0:00:00]} Nd7 {[%emt 0:00:33]} 7. Be2 {[%emt 0:00:23]} Ngf6 {[%emt 0:00:22]} 8. O-O {[%emt 0:00:17]} e6 {[%emt 0:00:21]} 9. Nh4 {[%emt 0:04:07]} Bd6 {[%emt 0:02:29]} 10. Nxg6 {[%emt 0:02:03]} hxg6 {[%emt 0:00:22]} 11. a4 {[%emt 0:03:09]} Ne4 {[%emt 0:09:52]} 12. Bd3 {[%emt 1:26:01]} Qh4 {[%emt 0:05:18]} 13. h3 {[%emt 0:00:00]} Nxg3 {[%emt 0:03:47]} 14. fxg3 {[%emt 0:00:00]} Qxd4+ {[%emt 0:09:56]} 15. Kh2 {[%emt 0:00:00]} Nf6 {[%emt 0:01:36]} 16. Be2 {[%emt 0:00:00]} Qxd1 {[%emt 0:05:33]} 17. Rxd1 {[%emt 0:00:00]} O-O-O {[%emt 0:00:32]} 18. Be3 {[%emt 0:00:00]} a6 {[%emt 0:03:12]} 19. Bf3 {[%emt 0:00:00]} Nd5 {[%emt 0:06:11]} 20. Bf2 {[%emt 0:00:00]} g5 {[%emt 0:03:56]} 21. Kg1 {[%emt 0:00:00]} Be5 {[%emt 0:02:37]} 22. c3 {[%emt 0:00:00]} Nc7 {[%emt 0:05:36]} 23. Re1 {[%emt 0:00:00]} Bf6 {[%emt 0:01:12]} 24. Re2 {[%emt 0:00:00]} Rd7 {[%emt 0:00:59]} 25. Rc2 {[%emt 0:00:00]} Rhd8 {[%emt 0:00:37]} 26. Be1 {[%emt 0:00:00]} Nd5 {[%emt 0:03:22]} 27. Bf2 {[%emt 0:00:00]} 1/2-1/2

[Event "Baden Youth-ch 2020"]
[Site "Karlsruhe-Durlach"]
[Date "2020.01.05"]
[Round "6.8"]
[White "Schmider, Niklas"]
[Black "Doll, Alexander"]
[Result "1/2-1/2"]
[WhiteElo "2298"]
[BlackElo "2127"]
[Annotator "ChessBase"]
[PlyCount "90"]
[EventDate "2020.01.02"]
[EventType "swiss"]
[EventCountry "GER"]
[SourceTitle "playchess.com"]
[Source "ChessBase"]
[SourceQuality "1"]
[TimeControl "5400+30"]

1. e4 {[%emt 0:00:00]} e5 {[%emt 0:00:00]} 2. Nf3 {[%emt 0:00:00]} Nc6 {[%emt 0:00:00]} 3. Bb5 {[%emt 0:00:00]} a6 {[%emt 0:00:00]} 4. Ba4 {[%emt 0:00:00]} Nf6 {[%emt 0:00:00]} 5. O-O {[%emt 0:00:01]} b5 {[%emt 0:01:01]} 6. Bb3 {[%emt 0:00:08]} Bb7 {[%emt 0:00:38]} 7. d3 {[%emt 0:02:21]} Bc5 {[%emt 0:00:39]} 8. c3 {[%emt 0:01:13]} O-O {[%emt 0:02:22]} 9. Nbd2 {[%emt 0:00:28]} d6 {[%emt 0:01:22]} 10. Re1 {[%emt 0:01:14]} Bb6 {[%emt 0:04:15]} 11. Nf1 {[%emt 0:01:35]} Ne7 {[%emt 0:00:59]} 12. Be3 {[%emt 0:01:11]} Bxe3 {[%emt 0:02:23]} 13. Nxe3 {[%emt 0:00:12]} c5 {[%emt 0:00:30]} 14. a4 {[%emt 0:00:30]} Qc7 {[%emt 0:06:15]} 15. Bc2 {[%emt 0:11:28]} Rfe8 {[%emt 0:06:47]} 16. Nh4 {[%emt 0:09:05]} Rad8 {[%emt 0:05:24]} 17. Nhf5 {[%emt 0:09:59]} Nxf5 {[%emt 0:02:45]} 18. Nxf5 {[%emt 0:04:09]} d5 {[%emt 0:00:30]} 19. Qc1 {[%emt 0:00:30]} h6 {[%emt 0:09:22]} 20. axb5 {[%emt 0:11:00]} axb5 {[%emt 0:05:21]} 21. Qe3 {[%emt 0:03:11]} Bc8 {[%emt 0:07:22]} 22. Qf3 {[%emt 0:09:51]} Bxf5 {[%emt 0:01:13]} 23. Qxf5 {[%emt 0:00:40]} dxe4 {[%emt 0:01:12]} 24. dxe4 {[%emt 0:00:06]} Rd2 {[%emt 0:01:58]} 25. Rac1 {[%emt 0:13:45]} Red8 {[%emt 0:06:10]} 26. h3 {[%emt 0:05:12]} Nh7 {[%emt 0:06:20]} 27. Qf3 {[%emt 0:05:27]} Ng5 {[%emt 0:03:37]} 28. Qe3 {[%emt 0:00:30]} Ne6 {[%emt 0:00:11]} 29. Re2 {[%emt 0:05:15]} R2d6 {[%emt 0:01:27]} 30. g3 {[%emt 0:01:17]} c4 {[%emt 0:05:40]} 31. Ra1 {[%emt 0:01:50]} Nc5 {[%emt 0:02:38]} 32. Kg2 {[%emt 0:01:11]} Kh7 {[%emt 0:00:51]} 33. Ree1 {[%emt 0:01:33]} Rd2 {[%emt 0:01:01]} 34. Re2 {[%emt 0:00:25]} R2d3 {[%emt 0:06:27]} 35. Bxd3 {[%emt 0:01:10]} Rxd3 {[%emt 0:00:04]} 36. Qc1 {[%emt 0:00:04]} Nb3 {[%emt 0:00:31]} 37. Qe1 {[%emt 0:00:03]} Nxa1 {[%emt 0:00:28]} 38. Qxa1 {[%emt 0:00:04]} Qd7 {[%emt 0:01:16]} 39. Qa3 {[%emt 0:02:15]} Rd1 {[%emt 0:02:43]} 40. Qc5 {[%emt 0:00:27]} Qd3 {[%emt 0:01:10]} 41. Qxe5 {[%emt 0:00:28]} Qxe2 {[%emt 0:01:37]} 42. Qf5+ {[%emt 0:00:04]} Kg8 {[%emt 0:00:05]} 43. Qc8+ {[%emt 0:00:03]} Kh7 {[%emt 0:00:06]} 44. Qf5+ {[%emt 0:00:04]} Kg8 {[%emt 0:00:05]} 45. Qc8+ {[%emt 0:00:11]} Kh7 {[%emt 0:00:04]} 1/2-1/2

[Event "Baden Youth-ch 2020"]
[Site "Karlsruhe-Durlach"]
[Date "2020.01.05"]
[Round "6.9"]
[White "Nass, Maximilian"]
[Black "Simbikangwa, Philippe"]
[Result "0-1"]
[WhiteElo "1937"]
[BlackElo "1865"]
[Annotator "NA"]
[PlyCount "114"]
[EventDate "2020.01.02"]
[EventType "swiss"]
[EventCountry "GER"]
[SourceTitle "playchess.com"]
[Source "ChessBase"]
[SourceQuality "1"]
[TimeControl "5400+30"]

1. e4 {[%emt 0:00:00]} g6 {[%emt 0:00:00]} 2. d4 {[%emt 0:00:00]} Bg7 {[%emt 0:00:00]} 3. Nf3 {[%emt 0:00:04]} d6 {[%emt 0:00:00]} 4. Bc4 {[%emt 0:00:15]} Nf6 {[%emt 0:00:00]} 5. Qe2 {[%emt 0:02:32]} O-O {[%emt 0:00:33]} 6. Bg5 {[%emt 0:01:45]} Bg4 {[%emt 0:07:15]} 7. Bb3 {[%emt 0:09:01]} Nc6 {[%emt 0:04:11]} 8. c3 {[%emt 0:01:49]} e5 {[%emt 0:01:38]} 9. dxe5 {[%emt 0:01:04]} Nxe5 {[%emt 0:00:52]} 10. h3 {[%emt 0:01:39]} Nxf3+ {[%emt 0:10:58]} 11. gxf3 {[%emt 0:00:29]} Bh5 {[%emt 0:00:10]} 12. Nd2 {[%emt 0:02:08]} Qd7 {[%emt 0:03:36]} 13. O-O-O {[%emt 0:02:24]} b5 {[%emt 0:10:03]} 14. Nf1 {[%emt 0:02:14]} a5 {[%emt 0:03:45]} 15. Ng3 {[%emt 0:04:28]} Rab8 {[%emt 0:24:57]} 16. Bxf6 {[%emt 0:05:18]} Bxf6 {[%emt 0:00:15]} 17. Nxh5 {[%emt 0:01:07]} gxh5 {[%emt 0:00:08]} 18. Rhg1+ {[%emt 0:00:24]} Kh8 {[%emt 0:00:20]} 19. e5 {[%emt 0:01:40]} Rfe8 {[%emt 0:01:28]} 20. f4 {[%emt 0:01:04]} Qf5 {[%emt 0:01:51]} 21. Rd4 {[%emt 0:24:07]} dxe5 {[%emt 0:03:34]} 22. Re4 {[%emt 0:02:54]} Rg8 {[%emt 0:04:05]} 23. Re1 {[%emt 0:18:51]} exf4 {[%emt 0:04:26]} 24. Bc2 {[%emt 0:04:39]} Qg5 {[%emt 0:02:30]} 25. f3 {[%emt 0:03:30]} b4 {[%emt 0:02:37]} 26. h4 {[%emt 0:00:19]} Qg7 {[%emt 0:03:08]} 27. Rxf4 {[%emt 0:05:44]} Qh6 {[%emt 0:01:12]} 28. Qe3 {[%emt 0:01:19]} bxc3 {[%emt 0:01:13]} 29. b3 {[%emt 0:01:10]} Rbe8 {[%emt 0:06:07]} 30. Re4 {[%emt 0:01:18]} Qxe3+ {[%emt 0:00:14]} 31. R4xe3 {[%emt 0:00:26]} Rxe3 {[%emt 0:00:11]} 32. Rxe3 {[%emt 0:00:10]} Rg2 {[%emt 0:02:18]} 33. Be4 {[%emt 0:02:04]} Rh2 {[%emt 0:01:22]} 34. a4 {[%emt 0:00:21]} Rxh4 {[%emt 0:00:12]} 35. Re2 {[%emt 0:00:27]} Rh1+ {[%emt 0:00:57]} 36. Kc2 {[%emt 0:00:04]} Ra1 {[%emt 0:00:16]} 37. Kd3 {[%emt 0:00:30]} Rd1+ {[%emt 0:00:46]} 38. Kc4 {[%emt 0:00:26]} Rd2 {[%emt 0:00:16]} 39. Re1 {[%emt 0:00:41]} h4 {[%emt 0:00:43]} 40. Kb5 {[%emt 0:00:22]} h3 {[%emt 0:00:27]} 41. Kxa5 {[%emt 0:00:50]} h2 {[%emt 0:00:11]} 42. f4 {[%emt 0:00:46]} c2 {[%emt 0:00:40]} 43. Bxc2 {[%emt 0:00:31]} Rxc2 {[%emt 0:00:06]} 44. Ka6 {[%emt 0:00:27]} Bd4 {[%emt 0:00:38]} 45. Rh1 {[%emt 0:00:06]} Bg1 {[%emt 0:00:12]} 46. b4 {[%emt 0:00:43]} Kg7 {[%emt 0:00:10]} 47. a5 {[%emt 0:00:27]} Kf6 {[%emt 0:00:06]} 48. b5 {[%emt 0:00:22]} Rb2 {[%emt 0:00:12]} 49. f5 {[%emt 0:00:20]} Kxf5 {[%emt 0:00:10]} 50. b6 {[%emt 0:00:37]} cxb6 {[%emt 0:00:07]} 51. axb6 {[%emt 0:00:51]} Rxb6+ {[%emt 0:00:07]} 52. Ka7 {[%emt 0:00:03]} Kg4 {[%emt 0:00:24]} 53. Ka8 {[%emt 0:00:15]} Ra6+ {[%emt 0:00:09]} 54. Kb7 {[%emt 0:00:08]} Re6 {[%emt 0:00:37]} 55. Kc7 {[%emt 0:00:12]} Kg3 {[%emt 0:00:05]} 56. Kd8 {[%emt 0:00:09]} Kg2 {[%emt 0:00:15]} 57. Rxh2+ {[%emt 0:00:08]} Bxh2 {[%emt 0:00:07]} 0-1

[Event "Baden Youth-ch 2020"]
[Site "Karlsruhe-Durlach"]
[Date "2020.01.06"]
[Round "7.2"]
[White "Haenselmann, Hendrik"]
[Black "Neves, Carlos"]
[Result "1-0"]
[WhiteElo "1807"]
[BlackElo "1438"]
[Annotator "NA"]
[PlyCount "61"]
[EventDate "2020.01.02"]
[EventType "swiss"]
[EventCountry "GER"]
[SourceTitle "playchess.com"]
[Source "ChessBase"]
[SourceQuality "1"]
[TimeControl "5400+30"]

1. e4 {[%emt 0:00:00]} c5 {[%emt 0:00:00]} 2. Nf3 {[%emt 0:00:00]} Nc6 {[%emt 0:00:00]} (2... d6 3. d4 cxd4 4. Nxd4 Nf6 5. Nc3 Nc6 6. Be2 g6 7. Be3 Bg7 8. O-O O-O 9. Nb3 a5 {½-½ (11) Radlovacki,J (2346)-Leskur,D (2399) Ruma 2017}) 3. d4 {[%emt 0:00:00]} cxd4 {[%emt 0:00:00]} 4. Nxd4 {[%emt 0:00:00]} g6 {[%emt 0:00:00]} 5. Be2 {[%emt 0:00:00]} Bg7 {[%emt 0:00:00]} 6. Nb3 {[%emt 0:00:00]} Nf6 {[%emt 0:00:06]} 7. Nc3 {[%emt 0:00:12]} O-O {[%emt 0:00:12]} 8. O-O {[%emt 0:00:04]} a5 {[%emt 0:00:04]} 9. a4 {[%emt 0:00:09]} d6 {[%emt 0:03:39]} 10. Be3 {[%emt 0:00:13]} Nb4 {[%emt 0:00:37]} 11. Qd2 {[%emt 0:02:23]} Be6 {[%emt 0:01:58] B74: Sicilian Dragon: Classical System with 9 Nb3} 12. Rad1 $146 {[%emt 0:00:58]} ({Predecessor:} 12. f3 Bxb3 13. cxb3 Nd7 14. Rac1 Rc8 15. Bc4 Nb6 16. Nd5 Nxc4 17. bxc4 Nxd5 18. cxd5 Qd7 {½-½ (18) Gorny,T-Litwin,B Poznan 2003}) 12... Qd7 {[%emt 0:01:35]} 13. Nd4 {[%emt 0:01:34]} Qc7 {[%emt 0:18:10]} 14. Ncb5 {[%emt 0:01:52]} Qb8 {[%emt 0:03:47]} 15. f3 {[%emt 0:01:58]} Bd7 {[%emt 0:08:55]} 16. c3 {[%emt 0:01:17]} Nc6 {[%emt 0:00:12]} 17. Kh1 {[%emt 0:10:52]} Rd8 $1 $11 {[%emt 0:11:48] remains equal.} 18. Nc2 {[%emt 0:04:06]} Be6 {[%emt 0:07:25]} 19. Ncd4 {[%emt 0:08:13]} Bc8 {[%emt 0:02:22]} 20. c4 $16 {[%emt 0:05:17]} Nd7 {[%emt 0:09:49]} 21. f4 {[%emt 0:03:10]} Nxd4 {[%emt 0:02:19]} 22. Bxd4 {[%emt 0:01:19]} b6 {[%emt 0:04:54]} 23. Bxg7 {[%emt 0:05:02]} Kxg7 {[%emt 0:00:10]} 24. Qd4+ {[%emt 0:00:27]} Kg8 {[%emt 0:00:08]} 25. Rd3 {[%emt 0:00:59]} Nc5 {[%emt 0:00:50]} 26. Rg3 {[%emt 0:00:36]} Bb7 {[%emt 0:00:46]} 27. Bd3 {[%emt 0:01:16]} e5 {[%emt 0:01:54]} 28. Qe3 {[%emt 0:02:48]} Qc8 {[%emt 0:02:32]} 29. f5 {[%emt 0:02:16]} Nxa4 {[%emt 0:02:56]} 30. Qh6 {[%emt 0:01:11]} Kh8 {[%emt 0:01:37]} 31. Rh3 {[%emt 0:00:25]} 1-0